Statistics for Capitals of Pakistani Provinces

Click here to take the quiz!

General Stats

  • This quiz has been taken 194 times
    (155 since last reset)
  • The average score is 5 of 6

Answer Stats

ProvinceAnswer% Correct
SindhKarachi
96%
PunjabLahore
95%
Khyber Paktun KhwaPeshawar
87%
BalochistanQuetta
78%
Pakistan Capital TerritoryIslamabad
78%
Gilgit BaltistanGilgit
54%

Score Distribution

Percentile by Number Answered

Percent of People with Each Score

Your Score History

You have not taken this quiz since the last reset